| 000 | 01273cam a22002771i 4500 | ||
|---|---|---|---|
| 003 | SA-RiAUC | ||
| 005 | 20250321125647.0 | ||
| 008 | 250319s1993 su g f000 0dara c | ||
| 040 |
_aKW-ShULA _bara _cSA-RiAUC _erda |
||
| 082 | 0 | 4 |
_a418.0245 _qSA-RiAUC |
| 090 |
_a418.0245 _bد ب ي |
||
| 100 | 1 |
_aالدبيان، أحمد بن محمد بن عبد الله، _d1377 هجري- _eمؤلف. |
|
| 245 | 1 | 0 |
_aحنين بن إسحاق : _bدراسة تاريخية ولغوية / _cأحمد بن محمد بن عبد الله الدبيان. |
| 250 | _aالطبعة الأولى. | ||
| 264 | 1 |
_aالرياض : _bمكتبة الملك فهد الوطنية، _c1993 |
|
| 300 |
_a2 مجلد (715 صفحة ) ؛ _c24 سم. |
||
| 336 |
_aنص _btxt _2rdacontent _3كتاب |
||
| 337 |
_aبدون وسيط _bn _2rdamedia |
||
| 338 |
_aمجلد _bnc _2rdacarrier |
||
| 490 | 0 | _aمطبوعات مكتبة الملك فهد الوطنية | |
| 600 | 0 | 7 |
_aحنين بن إسحاق العبادي، _d194-260 هجري _xمساهمات في الترجمة _2aucnm |
| 650 | 7 |
_aالترجمة العربية _yالعصر العباسي _2aucsh |
|
| 650 | 7 |
_aالترجمة عند المسلمين _xتاريخ _2aucsh |
|
| 942 |
_2ddc _cBOOK _n0 |
||
| 949 |
_aSA-JeALM _d250319 _umohamedma123 _n1 |
||
| 999 |
_c6531 _d6531 |
||